[Event "Monarch Assurance Isle of Man 14th"]
[Site "Port Erin IOM"]
[Date "2005.09.24"]
[Round "1.1"]
[White "Tiviakov, Sergei"]
[Black "Cox, John"]
[Result "1-0"]
[WhiteElo "2678"]
[BlackElo "2385"]
[PlyCount "81"]
[EventDate "2005.09.24"]
[EventType "swiss"]
[EventRounds "9"]
[EventCountry "IOM"]

1. e4 Nf6 2. e5 Nd5 3. d4 d6 4. Nf3 dxe5 5. Nxe5 c6 6. Nd2 Nd7 7. Nd3 g6 8. Nf3
Bg7 9. Be2 c5 10. Nxc5 Nxc5 11. dxc5 Qa5+ 12. Nd2 Nf4 13. Bf3 O-O 14. O-O Qxc5
15. Nb3 Qc7 16. c3 Bf5 17. Bxf4 Qxf4 18. Bxb7 Rab8 19. Ba6 Rb6 20. Qe2 Be6 21.
Nc5 Rfb8 22. Nd3 Qc7 23. Nb4 Bc8 24. Bxc8 Qxc8 25. Rac1 a5 26. Nd3 Qa6 27. Qc2
Rd8 28. Rcd1 Rbd6 29. Nc1 e5 30. Nb3 Qb6 31. Rxd6 Rxd6 32. Nd2 Qc6 33. b3 a4
34. Nc4 Rd8 35. Rd1 Rb8 36. Ne3 f5 37. Nd5 Qc5 38. b4 Qa7 39. c4 e4 40. c5 Rc8
41. Qc4 1-0

[Event "Monarch Assurance Isle of Man 14th"]
[Site "Port Erin IOM"]
[Date "2005.09.24"]
[Round "1.2"]
[White "Gupta, Abhijeet"]
[Black "Areshchenko, Alexander"]
[Result "1/2-1/2"]
[WhiteElo "2380"]
[BlackElo "2625"]
[PlyCount "52"]
[EventDate "2005.09.24"]
[EventType "swiss"]
[EventRounds "9"]
[EventCountry "IOM"]

1. d4 Nf6 2. c4 g6 3. Nc3 d5 4. cxd5 Nxd5 5. e4 Nxc3 6. bxc3 Bg7 7. Nf3 c5 8.
Rb1 O-O 9. Be2 Nc6 10. d5 Ne5 11. Nxe5 Bxe5 12. Rb3 c4 13. Bxc4 Qc7 14. Be2
Bxc3+ 15. Bd2 Bxd2+ 16. Qxd2 Qe5 17. O-O Qxe4 18. Bf3 Qe5 19. Re1 Qd6 20. Qb4
Qxb4 21. Rxb4 e6 22. dxe6 Bxe6 23. Rxb7 {(=)} a5 24. h3 Rfd8 25. Rb5 Ra7 26.
Ree5 Bxa2 1/2-1/2

[Event "Monarch Assurance Isle of Man 14th"]
[Site "Port Erin IOM"]
[Date "2005.09.24"]
[Round "1.4"]
[White "Zimmerman, Yuri"]
[Black "Ghaem Maghami, Ehsan"]
[Result "1/2-1/2"]
[WhiteElo "2375"]
[BlackElo "2603"]
[PlyCount "130"]
[EventDate "2005.09.24"]
[EventType "swiss"]
[EventRounds "9"]
[EventCountry "IOM"]

1. d4 Nf6 2. c4 c5 3. d5 a6 4. a4 e6 5. Nc3 exd5 6. cxd5 g6 7. Nf3 d6 8. h3 Bg7
9. e4 O-O 10. Bd3 Re8 11. O-O c4 12. Bxc4 Nxe4 13. Nxe4 Rxe4 14. Qc2 Re8 15.
Bg5 Bf6 16. Bf4 Bf5 17. Bd3 Bxd3 18. Qxd3 Nd7 19. Bxd6 Nb6 20. Ba3 Qxd5 21.
Qxd5 Nxd5 22. Rfd1 Nb6 23. Bc5 Nc4 24. Bd4 Re6 25. Bxf6 Rxf6 26. Rd4 Rc8 27.
Rc1 Rfc6 28. b3 Ne5 29. Rxc6 Nxf3+ 30. gxf3 Rxc6 31. Rb4 b6 32. Rd4 Kg7 33. Kg2
Kf6 34. b4 Ke6 35. Rd8 Rd6 36. Ra8 b5 37. axb5 axb5 38. Rb8 Rd5 39. Rb6+ Ke5
40. Kg3 Kd4 41. Rc6 Rg5+ 42. Kf4 Rf5+ 43. Kg3 f6 44. f4 Ke4 45. f3+ Kd4 46. h4
h5 47. Rc7 Kd3 48. Rc6 g5 49. fxg5 fxg5 50. Rc5 gxh4+ {(=)} 51. Kf2 Rf4 52.
Rxb5 Kc4 53. Rxh5 Kxb4 54. Ke3 Rc4 55. f4 Rc3+ 56. Ke4 h3 57. f5 Kc5 58. Rh6
Ra3 59. Ke5 Re3+ 60. Kf6 Kd5 61. Kg7 Rg3+ 62. Kf8 Ke4 63. f6 Kf3 64. f7 Kg2 65.
Ke7 Re3+ 1/2-1/2

[Event "Monarch Assurance Isle of Man 14th"]
[Site "Port Erin IOM"]
[Date "2005.09.24"]
[Round "1.5"]
[White "Epishin, Vladimir"]
[Black "Peek, Marcel"]
[Result "1-0"]
[WhiteElo "2600"]
[BlackElo "2373"]
[PlyCount "62"]
[EventDate "2005.09.24"]
[EventType "swiss"]
[EventRounds "9"]
[EventCountry "IOM"]

1. d4 d5 2. c4 dxc4 3. Nf3 Nf6 4. e3 e6 5. Bxc4 c5 6. O-O a6 7. Bd3 Nc6 8. Nc3
cxd4 9. exd4 Be7 10. Bg5 O-O 11. Re1 Re8 12. Qd2 Nb4 13. Bxf6 Bxf6 14. Be4 Re7
15. Rad1 Nd5 16. h4 Nxc3 17. Qxc3 Rc7 18. Qe3 Bd7 19. d5 exd5 20. Rxd5 h6 21.
g4 Qc8 22. g5 Bxb2 23. gxh6 g6 24. Qf4 Be6 25. Ng5 Rc1 26. Rdd1 Rxd1 27. Rxd1
Qe8 28. h5 gxh5 29. Bf5 Rd8 30. Rxd8 Qxd8 31. Bxe6 fxe6 1-0

[Event "Monarch Assurance Isle of Man 14th"]
[Site "Port Erin IOM"]
[Date "2005.09.24"]
[Round "1.7"]
[White "Erenburg, Sergey"]
[Black "Hanley, Craig A"]
[Result "0-1"]
[WhiteElo "2595"]
[BlackElo "2367"]
[PlyCount "80"]
[EventDate "2005.09.24"]
[EventType "swiss"]
[EventRounds "9"]
[EventCountry "IOM"]

1. e4 e5 2. Nf3 Nc6 3. Bb5 a6 4. Ba4 Nf6 5. O-O Be7 6. Re1 b5 7. Bb3 d6 8. c3
O-O 9. h3 Na5 10. Bc2 c5 11. d4 Nd7 12. Nbd2 exd4 13. cxd4 Nc6 14. d5 Nce5 15.
Nh2 Ng6 16. a4 Rb8 17. g3 Nf6 18. h4 Ne5 19. Ndf1 c4 20. Ne3 Re8 21. axb5 axb5
22. f4 Nd3 23. Bxd3 cxd3 24. Qxd3 Bf8 25. Nd1 Rxe4 26. Rxe4 Bf5 27. g4 Bxe4 28.
Qd4 Qc8 29. Nc3 Bc2 30. g5 Nh5 31. Qf2 Qf5 32. b4 Bd3 33. Bd2 Rc8 34. Qf3 Rxc3
35. Bxc3 Nxf4 36. Kf2 Be2 37. Qh1 Qc2 38. Be1 Bc4+ 39. Kg3 Bxd5 40. Nf3 Nh5+
0-1

[Event "Monarch Assurance Isle of Man 14th"]
[Site "Port Erin IOM"]
[Date "2005.09.24"]
[Round "1.8"]
[White "Bosboom-Lanchava, T."]
[Black "Korneev, Oleg"]
[Result "0-1"]
[WhiteElo "2363"]
[BlackElo "2594"]
[PlyCount "126"]
[EventDate "2005.09.24"]
[EventType "swiss"]
[EventRounds "9"]
[EventCountry "IOM"]

1. d4 d5 2. c4 e6 3. Nf3 Nf6 4. Nc3 c6 5. cxd5 exd5 6. Qc2 g6 7. Bg5 Be7 8. e3
Bf5 9. Bd3 Bxd3 10. Qxd3 Nbd7 11. O-O O-O 12. h3 Re8 13. Bf4 a5 14. Ne5 Nh5 15.
Bh2 Nxe5 16. Bxe5 Bd6 17. Bxd6 Qxd6 18. Na4 Ng7 19. Rac1 Nf5 20. Rc2 Qf6 21.
Nc5 Re7 22. Qd1 h5 23. Rc3 Rae8 24. Qf3 Qg5 25. Kh2 Nd6 26. b3 f6 27. Rc2 h4
28. Rg1 Kf7 29. a4 Qf5 30. Qxf5 Nxf5 31. b4 axb4 32. Rb1 Nd6 33. Rxb4 Ra8 34.
Rb6 g5 35. Rc1 f5 36. Rcb1 g4 37. hxg4 fxg4 38. g3 h3 39. Nd3 Nc4 40. Rxb7 Rxa4
41. Rxe7+ Kxe7 42. Rb7+ Kf6 43. Rc7 Ra2 44. Rxc6+ Kf5 45. Kg1 Ra1+ 46. Kh2 Rd1
47. Ne5 Nd2 48. Nxg4 Kxg4 49. Rg6+ Kf3 50. Rf6+ Ke2 51. Kxh3 Ne4 52. Rf5 Nxf2+
53. Kh4 Ne4 54. Kh3 Nc3 55. Re5 Rd3 56. Kg4 Rxe3 57. Kf5 Rxe5+ 58. dxe5 d4 59.
e6 Nb5 60. e7 Nc7 61. Ke5 d3 62. Kd6 Ne8+ 63. Kd7 Ng7 0-1

[Event "Monarch Assurance Isle of Man 14th"]
[Site "Port Erin IOM"]
[Date "2005.09.24"]
[Round "1.9"]
[White "Shabalov, Alexander"]
[Black "Radovanovic, Jovica"]
[Result "1-0"]
[WhiteElo "2593"]
[BlackElo "2357"]
[PlyCount "81"]
[EventDate "2005.09.24"]
[EventType "swiss"]
[EventRounds "9"]
[EventCountry "IOM"]

1. e4 e5 2. Nf3 Nc6 3. Bb5 a6 4. Ba4 Nf6 5. O-O Be7 6. Re1 b5 7. Bb3 d6 8. c3
O-O 9. d4 Bg4 10. Be3 exd4 11. cxd4 Na5 12. Bc2 Nc4 13. Bc1 c5 14. b3 Nb6 15.
Nbd2 Re8 16. Bb2 Nfd7 17. h3 Bh5 18. a4 Nf8 19. axb5 axb5 20. Bd3 b4 21. Bb5
Nbd7 22. dxc5 dxc5 23. g4 Bg6 24. Nc4 Qc7 25. Nfe5 Rxa1 26. Bxa1 Rb8 27. Nc6
Re8 28. e5 Bg5 29. Nd6 Ra8 30. f4 Bh4 31. Rf1 Rxa1 32. Qxa1 Bd3 33. Bxd3 Qxc6
34. Bc4 Ne6 35. Qa4 Qc7 36. Qa8+ Ndf8 37. Qb7 Qxb7 38. Nxb7 Bg3 39. f5 Nd4 40.
e6 fxe6 41. fxe6 1-0

[Event "Monarch Assurance Isle of Man 14th"]
[Site "Port Erin IOM"]
[Date "2005.09.24"]
[Round "1.10"]
[White "Goletiani, Rusudan"]
[Black "Ruston, Mark"]
[Result "1-0"]
[WhiteElo "2332"]
[BlackElo "2116"]
[PlyCount "71"]
[EventDate "2005.09.24"]
[EventType "swiss"]
[EventRounds "9"]
[EventCountry "IOM"]

1. Nf3 Nf6 2. c4 c6 3. b3 d5 4. Bb2 Bf5 5. g3 Qb6 6. Qc1 Ne4 7. Bd4 c5 8. Bb2
d4 9. Bg2 Nd7 10. Nh4 Qe6 11. d3 Nd6 12. Nxf5 Qxf5 13. b4 e5 14. Nd2 cxb4 15.
a3 bxa3 16. Bxa3 Rb8 17. Bb4 a6 18. Qa3 Qg6 19. Qa4 Be7 20. Rb1 b5 21. Qxa6
bxc4 22. dxc4 O-O 23. O-O Nc8 24. Qxg6 hxg6 25. Ba5 Nd6 26. Bc6 Nc5 27. Bb6 Nf5
28. g4 Nh4 29. Rb5 Ne6 30. e3 dxe3 31. fxe3 Bg5 32. Kf2 f5 33. Bd5 fxg4+ 34.
Ke2 Rfe8 35. Ne4 Bh6 36. Nc5 1-0

[Event "Monarch Assurance Isle of Man 14th"]
[Site "Port Erin IOM"]
[Date "2005.09.24"]
[Round "1.11"]
[White "Kogan, Artur"]
[Black "Mannion, Stephen"]
[Result "1/2-1/2"]
[WhiteElo "2580"]
[BlackElo "2331"]
[PlyCount "96"]
[EventDate "2005.09.24"]
[EventType "swiss"]
[EventRounds "9"]
[EventCountry "IOM"]

1. d4 d5 2. Nf3 Nf6 3. c4 dxc4 4. Nc3 a6 5. e4 b5 6. e5 Nd5 7. a4 e6 8. axb5
Nb6 9. Be3 axb5 10. Rxa8 Nxa8 11. Nxb5 Nb6 12. Nd2 Ba6 13. Nc3 Nc6 14. Qg4 Nb4
15. Be2 Nc2+ 16. Kd1 Nb4 17. h4 h5 18. Qe4 Qd7 19. Bg5 N4d5 20. Nxd5 exd5 21.
Qc2 Bb5 22. Ke1 Bb4 23. Rh3 Ba4 24. Qb1 Qe6 25. Kf1 Bd7 26. Bd1 Qc6 27. Rg3 Qb5
28. Kg1 Qa5 29. Nf1 Be6 30. Be3 Bf8 31. Bd2 Qa7 32. Bc2 Kd7 33. b3 g6 34. Ne3
Be7 35. bxc4 Rb8 36. cxd5 Nxd5 37. Ba4+ Kc8 38. Qc2 Bxh4 39. Nxd5 Bxd5 40. Rc3
Ra8 41. Bb5 Bd8 42. Rc5 Qa1+ 43. Bf1 Qxd4 44. Ba5 Ra7 45. Ba6+ Kd7 46. Bb5+ Kc8
47. Ba6+ Kd7 48. Bb5+ Kc8 1/2-1/2

[Event "Monarch Assurance Isle of Man 14th"]
[Site "Port Erin IOM"]
[Date "2005.09.24"]
[Round "1.12"]
[White "Zozulia, Anna"]
[Black "David, Alberto"]
[Result "1/2-1/2"]
[WhiteElo "2314"]
[BlackElo "2579"]
[PlyCount "38"]
[EventDate "2005.09.24"]
[EventType "swiss"]
[EventRounds "9"]
[EventCountry "IOM"]

1. e4 c5 2. Nf3 d6 3. d4 cxd4 4. Nxd4 Nf6 5. Nc3 Nc6 6. Be2 e6 7. O-O Be7 8.
Kh1 O-O 9. f4 a6 10. Be3 Qc7 11. Qe1 Nxd4 12. Bxd4 b5 13. a3 Bb7 14. Qg3 Bc6
15. Bd3 Nh5 16. Qg4 Nf6 17. Qg3 Nh5 18. Qg4 Nf6 19. Qg3 Nh5 1/2-1/2

[Event "Monarch Assurance Isle of Man 14th"]
[Site "Port Erin IOM"]
[Date "2005.09.24"]
[Round "1.13"]
[White "Mikhalevski, Victor"]
[Black "Ashton, Adam"]
[Result "1/2-1/2"]
[WhiteElo "2572"]
[BlackElo "2294"]
[PlyCount "100"]
[EventDate "2005.09.24"]
[EventType "swiss"]
[EventRounds "9"]
[EventCountry "IOM"]

1. d4 Nf6 2. c4 e6 3. g3 d5 4. Bg2 dxc4 5. Nf3 Nc6 6. Qa4 Nd5 7. Qxc4 Nb6 8.
Qd3 e5 9. Be3 exd4 10. Nxd4 Nxd4 11. Qxd4 Qxd4 12. Bxd4 Bb4+ 13. Nc3 O-O 14.
O-O-O c6 15. a3 Be7 16. Ne4 Nd5 17. Bc5 Re8 18. Bxe7 Rxe7 19. Nc5 Nf6 20. Rd8+
Re8 21. Rxe8+ Nxe8 22. Rd1 Kf8 23. Na4 Ke7 24. Nc5 Rb8 25. Rd4 Nd6 26. Ra4 Ra8
27. h4 Kd8 28. Rf4 Kc7 29. e4 f6 30. e5 fxe5 31. Rf8 Rb8 32. Rg8 Nf5 33. Be4 g6
34. Rh8 h5 35. Nd3 Kd6 36. Bxf5 gxf5 37. f4 e4 38. Ne5 c5 39. Kd2 b5 40. Ke3 a5
41. Rxh5 Be6 42. Rh6 b4 43. a4 Kd5 44. b3 Rg8 45. Kf2 Re8 46. Ke3 Rg8 47. Kf2
Re8 48. Ke3 Rg8 49. Kf2 Re8 50. Ke3 Rg8 1/2-1/2

[Event "Monarch Assurance Isle of Man 14th"]
[Site "Port Erin IOM"]
[Date "2005.09.24"]
[Round "1.14"]
[White "Peric, Slavisa"]
[Black "Fridman, Daniel"]
[Result "1/2-1/2"]
[WhiteElo "2280"]
[BlackElo "2566"]
[PlyCount "29"]
[EventDate "2005.09.24"]
[EventType "swiss"]
[EventRounds "9"]
[EventCountry "IOM"]

1. d4 Nf6 2. Nf3 e6 3. g3 b5 4. Bg2 Bb7 5. c3 c5 6. O-O h6 7. Nbd2 cxd4 8. Nxd4
Bxg2 9. Kxg2 Qb6 10. Qb3 b4 11. Nc4 Qb7+ 12. f3 d5 13. Ne5 Nbd7 14. Nxd7 Nxd7
15. a3 1/2-1/2

[Event "Monarch Assurance Isle of Man 14th"]
[Site "Port Erin IOM"]
[Date "2005.09.24"]
[Round "1.15"]
[White "Ikonnikov, Vyacheslav"]
[Black "Vitoux, Colomban"]
[Result "1-0"]
[WhiteElo "2560"]
[BlackElo "2264"]
[PlyCount "39"]
[EventDate "2005.09.24"]
[EventType "swiss"]
[EventRounds "9"]
[EventCountry "IOM"]

1. d4 d5 2. Nf3 Nf6 3. c4 c6 4. Nc3 dxc4 5. a4 c5 6. d5 Bf5 7. e4 Nxe4 8. Nxe4
Bxe4 9. Bxc4 Qd6 10. O-O Nd7 11. Re1 Nf6 12. Bb5+ Kd8 13. Bc4 h6 14. Bd2 a6 15.
Bc3 Qf4 16. Ne5 Kc8 17. f3 Bg6 18. g3 Qg5 19. f4 Qh5 20. Be2 1-0

[Event "Monarch Assurance Isle of Man 14th"]
[Site "Port Erin IOM"]
[Date "2005.09.24"]
[Round "1.16"]
[White "Duhayon, Yves"]
[Black "Yakovich, Yuri"]
[Result "1/2-1/2"]
[WhiteElo "2230"]
[BlackElo "2560"]
[PlyCount "66"]
[EventDate "2005.09.24"]
[EventType "swiss"]
[EventRounds "9"]
[EventCountry "IOM"]

1. Nf3 d5 2. d4 Nf6 3. c4 e6 4. Bg5 Bb4+ 5. Nc3 dxc4 6. e4 b5 7. a4 c6 8. e5 h6
9. exf6 hxg5 10. fxg7 Rg8 11. g3 Bb7 12. Bg2 c5 13. O-O g4 14. Ne5 Bxg2 15.
Kxg2 cxd4 16. Qxg4 dxc3 17. Rad1 Qc7 18. Qe4 Rxg7 19. axb5 f5 20. Qxa8 Qxe5 21.
Rfe1 Qxb5 22. bxc3 Bxc3 23. Rxe6+ Re7 24. Rxe7+ Kxe7 25. Qxa7+ Nd7 26. Rxd7+
Qxd7 27. Qe3+ Kf7 28. Qxc3 Qb7+ 29. Qf3 Qc8 30. Qd5+ Kg6 31. Qd6+ Kf7 32. Qd5+
Kg6 33. Qd6+ Kf7 1/2-1/2

[Event "Monarch Assurance Isle of Man 14th"]
[Site "Port Erin IOM"]
[Date "2005.09.24"]
[Round "1.17"]
[White "Postny, Evgeny"]
[Black "Spence, David J"]
[Result "1-0"]
[WhiteElo "2559"]
[BlackElo "2218"]
[PlyCount "57"]
[EventDate "2005.09.24"]
[EventType "swiss"]
[EventRounds "9"]
[EventCountry "IOM"]

1. d4 e6 2. c4 Nf6 3. Nc3 Bb4 4. e3 c5 5. Nge2 d5 6. a3 Bxc3+ 7. Nxc3 cxd4 8.
exd4 dxc4 9. Bxc4 Nc6 10. Be3 O-O 11. O-O h6 12. Qd2 Ne7 13. Rad1 b6 14. Bd3
Nfd5 15. Rfe1 f5 16. Bf4 Rf6 17. Be5 Rf7 18. Nb5 Nc6 19. Rc1 Nxe5 20. dxe5 Nf4
21. Qxf4 Qxd3 22. Nd6 Rf8 23. Rc7 Qb3 24. h4 Kh7 25. Kh2 Ba6 26. Re3 Qd1 27.
Rg3 Rg8 28. Ne4 fxe4 29. Qf6 1-0

[Event "Monarch Assurance Isle of Man 14th"]
[Site "Port Erin IOM"]
[Date "2005.09.24"]
[Round "1.18"]
[White "Allen, Keith"]
[Black "Gormally, Daniel"]
[Result "0-1"]
[WhiteElo "2210"]
[BlackElo "2557"]
[PlyCount "118"]
[EventDate "2005.09.24"]
[EventType "swiss"]
[EventRounds "9"]
[EventCountry "IOM"]

1. d4 Nf6 2. c4 e6 3. Nc3 Bb4 4. Qc2 c5 5. dxc5 Qa5 6. Bd2 Na6 7. a3 Nxc5 8.
Rd1 Bxc3 9. Bxc3 Qa4 10. Qxa4 Nxa4 11. Bd4 b6 12. e3 Ke7 13. Nf3 d6 14. b3 Nc5
15. b4 Ncd7 16. Be2 a5 17. Nd2 axb4 18. axb4 e5 19. Bf3 Ra2 20. Ra1 Rxa1+ 21.
Bxa1 Ba6 22. O-O Rb8 23. Rc1 Bb7 24. Bd1 Ra8 25. f3 b5 26. Bb3 bxc4 27. Nxc4
Bd5 28. Bb2 Rb8 29. Ba3 Rc8 30. Bb2 Be6 31. e4 Nh5 32. g3 g5 33. Rc3 g4 34. Kf2
gxf3 35. Kxf3 Nhf6 36. Ne3 Rb8 37. Ba3 Bxb3 38. Nf5+ Kd8 39. Rxb3 Nc5 40. Re3
Ne6 41. h4 Kd7 42. g4 Nc7 43. g5 Nh5 44. Rd3 Rb6 45. Bc1 Ne8 46. Kg4 Nhg7 47.
Nxg7 Nxg7 48. Bd2 Ke6 49. Rf3 Ne8 50. Kh5 f6 51. Kh6 Rb7 52. Be1 d5 53. exd5+
Kxd5 54. gxf6 Rf7 55. Kg5 Ke6 56. h5 Nxf6 57. Kh4 Rg7 58. Rg3 Rd7 59. h6 Rd1 {
time} 0-1

[Event "Monarch Assurance Isle of Man 14th"]
[Site "Port Erin IOM"]
[Date "2005.09.24"]
[Round "1.19"]
[White "Malakhatko, Vadim"]
[Black "Groffen, Hans"]
[Result "1-0"]
[WhiteElo "2556"]
[BlackElo "2210"]
[PlyCount "91"]
[EventDate "2005.09.24"]
[EventType "swiss"]
[EventRounds "9"]
[EventCountry "IOM"]

1. d4 d5 2. c4 c6 3. Nc3 Nf6 4. e3 a6 5. Qc2 g6 6. Bd3 Bg7 7. Nf3 O-O 8. O-O
Bg4 9. Ne5 Be6 10. c5 Nbd7 11. Nxd7 Qxd7 12. Bd2 Bf5 13. Bxf5 Qxf5 14. Qxf5
gxf5 15. Ne2 Nd7 16. Ba5 Rac8 17. Rac1 e6 18. Rfd1 Bh6 19. Rc3 Ra8 20. Rb3 Ra7
21. f3 Bg5 22. Kf2 Bh4+ 23. g3 Be7 24. Rg1 Rc8 25. h3 b5 26. g4 fxg4 27. hxg4
Re8 28. Rh1 Bf8 29. Rd3 Rb7 30. a3 Bg7 31. Rdd1 Nf8 32. Ng3 Rd7 33. Bc3 f6 34.
a4 Ng6 35. axb5 axb5 36. Ra1 Ne7 37. Ra6 Rc8 38. Nh5 Ng6 39. Rha1 Bh8 40. Ra7
Rcc7 41. Ra8+ Kf7 42. R1a6 e5 43. Ba5 Rb7 44. Rxc6 exd4 45. exd4 f5 46. Rxh8
1-0

[Event "Monarch Assurance Isle of Man 14th"]
[Site "Port Erin IOM"]
[Date "2005.09.24"]
[Round "1.20"]
[White "Smith, Andrew P"]
[Black "Brodsky, Michail"]
[Result "0-1"]
[WhiteElo "2204"]
[BlackElo "2554"]
[PlyCount "66"]
[EventDate "2005.09.24"]
[EventType "swiss"]
[EventRounds "9"]
[EventCountry "IOM"]

1. e4 c5 2. Nf3 d6 3. d4 cxd4 4. Nxd4 Nf6 5. Nc3 Nc6 6. Bg5 e6 7. Be2 Be7 8.
O-O O-O 9. Qd3 h6 10. Bd2 Kh8 11. Rad1 Bd7 12. Bc1 a6 13. Nxc6 Bxc6 14. f4 b5
15. a3 Qb6+ 16. Kh1 Qb7 17. Bf3 Rad8 18. Qe2 d5 19. e5 Ne4 20. Bxe4 dxe4 21.
Rxd8 Rxd8 22. f5 exf5 23. Rxf5 Bf8 24. Qf2 Kg8 25. Qg3 Qd7 26. Rf1 a5 27. b4
axb4 28. axb4 Qe6 29. Rf6 Qc4 30. h3 e3 31. Rxc6 Qxc6 32. Qxe3 Bxb4 33. Ne4
Rd1+ 0-1

[Event "Monarch Assurance Isle of Man 14th"]
[Site "Port Erin IOM"]
[Date "2005.09.24"]
[Round "1.21"]
[White "Kritz, Leonid"]
[Black "Kirschbaum, Gunnar"]
[Result "1-0"]
[WhiteElo "2544"]
[BlackElo "2204"]
[PlyCount "63"]
[EventDate "2005.09.24"]
[EventType "swiss"]
[EventRounds "9"]
[EventCountry "IOM"]

1. e4 d6 2. d4 Nf6 3. Nc3 g6 4. Be3 a6 5. a4 b6 6. f3 c5 7. Nge2 Nc6 8. d5 Ne5
9. Nf4 Rb8 10. Nd3 Nc4 11. Bc1 Bg7 12. Nf2 Ne5 13. Be2 O-O 14. Be3 b5 15. axb5
axb5 16. Nxb5 Bd7 17. Na3 Rxb2 18. f4 Neg4 19. Nxg4 Nxg4 20. Bxg4 Bxg4 21. Qxg4
Qa5+ 22. Bd2 Qa4 23. Qf3 Rb4 24. c3 Rb2 25. Qd3 Ra8 26. O-O c4 27. Nxc4 Qxa1
28. Rxa1 Rxa1+ 29. Kf2 Raa2 30. e5 dxe5 31. fxe5 Bh6 32. d6 1-0

[Event "Monarch Assurance Isle of Man 14th"]
[Site "Port Erin IOM"]
[Date "2005.09.24"]
[Round "1.22"]
[White "Dunn, Andrew"]
[Black "Sulskis, Sarunas"]
[Result "1/2-1/2"]
[WhiteElo "2197"]
[BlackElo "2535"]
[PlyCount "163"]
[EventDate "2005.09.24"]
[EventType "swiss"]
[EventRounds "9"]
[EventCountry "IOM"]

1. d4 Nf6 2. Nf3 c5 3. c3 e6 4. e3 d5 5. Bd3 Be7 6. O-O O-O 7. Nbd2 Nc6 8. Qe2
Qc7 9. dxc5 Bxc5 10. e4 g6 11. exd5 exd5 12. Nb3 Re8 13. Qc2 Bb6 14. Nbd4 Nxd4
15. cxd4 Qxc2 16. Bxc2 Bg4 17. Be3 Bxf3 18. gxf3 Nh5 19. Bb3 Ng7 20. Bxd5 Rad8
21. Bxb7 Bxd4 22. Bc6 Re6 23. Bxd4 Rxd4 24. Rad1 Nf5 25. Be4 Red6 26. Rxd4 Nxd4
27. Kg2 Ne2 28. b4 f5 29. Bc2 Nf4+ 30. Kg3 Ne2+ 31. Kg2 Rd4 32. Bb3+ Kf8 33.
Rd1 Nf4+ 34. Kf1 Rxb4 35. Rd8+ Ke7 36. Rh8 h5 37. Rh7+ Kf6 38. Rxa7 Rb6 39. Ra4
Ke5 40. Ra5+ Kf6 41. Ra4 Ke5 42. Ra5+ Kf6 43. Ra4 g5 44. Ra7 h4 45. Rf7+ Kg6
46. Rf8 Rc6 47. Ke1 Rc1+ 48. Bd1 Rb1 49. Rd8 Kf6 50. a4 Ke5 51. Re8+ Ne6 52.
Kd2 Kf6 53. Rc8 Ra1 54. Rc6 Ra3 55. Rb6 Ke7 56. Rb5 Ra2+ 57. Ke1 Nf4 58. Rb3
Kd6 59. Rc3 Ke5 60. Rc2 Rxa4 61. Rc5+ Kd4 62. Bxa4 Nd3+ 63. Ke2 Nxc5 64. Bc2
Ke5 65. Ke3 Ne6 66. Bb3 Nf4 67. Bc4 Ng2+ 68. Ke2 h3 69. Ba6 Kf4 70. Bb7 Nh4 71.
Bc6 Ng6 72. Bb7 Ne5 73. Bd5 Nd7 74. Bc6 Nc5 75. Bd5 Ke5 76. Bc4 Ne6 77. Bxe6
Kxe6 78. Ke3 Kd5 79. f4 g4 80. Kd3 Kc5 81. Kc3 Kd5 82. Kd3 1/2-1/2

[Event "Monarch Assurance Isle of Man 14th"]
[Site "Port Erin IOM"]
[Date "2005.09.24"]
[Round "1.23"]
[White "Kuzubov, Yuriy"]
[Black "Wademark, Helge"]
[Result "1-0"]
[WhiteElo "2535"]
[BlackElo "2182"]
[PlyCount "43"]
[EventDate "2005.09.24"]
[EventType "swiss"]
[EventRounds "9"]
[EventCountry "IOM"]

1. d4 d5 2. c4 c6 3. Nf3 Nf6 4. Nc3 Na6 5. cxd5 cxd5 6. Bf4 Qa5 7. e3 e6 8. a3
Bd7 9. Bd3 Be7 10. Ne5 Nb8 11. O-O O-O 12. Bg5 Qd8 13. f4 Nc6 14. Rf3 Nxe5 15.
fxe5 Ng4 16. Bxh7+ Kxh7 17. Rh3+ Nh6 18. Qd3+ Kg8 19. Bxh6 f5 20. exf6 Bxf6 21.
Bxg7 Kxg7 22. Qh7# 1-0

[Event "Monarch Assurance Isle of Man 14th"]
[Site "Port Erin IOM"]
[Date "2005.09.24"]
[Round "1.24"]
[White "Walther, Cliff"]
[Black "Ulibin, Mikhail"]
[Result "0-1"]
[WhiteElo "2175"]
[BlackElo "2529"]
[PlyCount "72"]
[EventDate "2005.09.24"]
[EventType "swiss"]
[EventRounds "9"]
[EventCountry "IOM"]

1. d4 d5 2. Nf3 c6 3. Bg5 h6 4. Bh4 Bg4 5. Ne5 Bf5 6. e3 Qb6 7. Qc1 Nf6 8. Bd3
Bxd3 9. Nxd3 Nbd7 10. O-O e6 11. c4 dxc4 12. Qxc4 Ne4 13. f3 Nd6 14. Qc2 Nf5
15. Bf2 Bd6 16. g4 Ne7 17. e4 Qd8 18. Nd2 Bc7 19. e5 Nd5 20. Ne4 Qe7 21. Qb3
O-O-O 22. f4 f5 23. gxf5 exf5 24. Nec5 Nxc5 25. Nxc5 Bb6 26. Qf3 Bxc5 27. dxc5
Rdf8 28. Rac1 g5 29. Bg3 h5 30. fxg5 Qxg5 31. h4 Qg4 32. e6 f4 33. Qxg4 hxg4
34. e7 Rf6 35. Rc4 fxg3 36. Rxg4 Rxf1+ 0-1

[Event "Monarch Assurance Isle of Man 14th"]
[Site "Port Erin IOM"]
[Date "2005.09.24"]
[Round "1.25"]
[White "Wells, Peter"]
[Black "Goodger, Martyn"]
[Result "1-0"]
[WhiteElo "2529"]
[BlackElo "2162"]
[PlyCount "85"]
[EventDate "2005.09.24"]
[EventType "swiss"]
[EventRounds "9"]
[EventCountry "IOM"]

1. d4 f5 2. Nc3 Nf6 3. Bg5 d5 4. Bxf6 exf6 5. e3 Be6 6. Qf3 Qd7 7. Bb5 Nc6 8.
Nge2 a6 9. Ba4 Rd8 10. a3 b5 11. Bb3 Na5 12. Nf4 Nxb3 13. cxb3 Be7 14. O-O O-O
15. Rfc1 Bf7 16. Nce2 g5 17. Nd3 Bd6 18. Ng3 f4 19. exf4 g4 20. Qd1 h5 21. Nc5
Qc8 22. f5 Kh7 23. Qd3 Rde8 24. b4 h4 25. Nf1 Rg8 26. Re1 Rg5 27. Ne6 Rh5 28.
Ne3 g3 29. Ng4 gxf2+ 30. Kxf2 Be7 31. Rac1 c6 32. Kg1 Rg8 33. h3 Kh8 34. Nf4
Qc7 35. Nxh5 Bxh5 36. Qd2 Rg5 37. Re6 Bxg4 38. hxg4 Rxg4 39. Rexc6 Qg3 40. Qh6+
Kg8 41. Rc8+ Kf7 42. Qh7+ Rg7 43. Qh5+ 1-0

[Event "Monarch Assurance Isle of Man 14th"]
[Site "Port Erin IOM"]
[Date "2005.09.24"]
[Round "1.26"]
[White "Grant, Alan"]
[Black "Bobras, Piotr"]
[Result "0-1"]
[WhiteElo "2152"]
[BlackElo "2525"]
[PlyCount "82"]
[EventDate "2005.09.24"]
[EventType "swiss"]
[EventRounds "9"]
[EventCountry "IOM"]

1. e4 c5 2. Nf3 d6 3. Bb5+ Nd7 4. d4 Ngf6 5. Nc3 cxd4 6. Qxd4 e5 7. Qd3 h6 8.
Nd2 Be7 9. Nc4 O-O 10. Bxd7 Bxd7 11. Ne3 Rc8 12. O-O Be6 13. Rd1 Qc7 14. Rd2
Qa5 15. Rd1 Rc5 16. Bd2 Qc7 17. Rac1 Qc6 18. Be1 Bc4 19. Nf5 Re8 20. Qg3 g6 21.
Nxe7+ Rxe7 22. Qh4 Re6 23. f3 g5 24. Qh3 Kg7 25. Bf2 Ra5 26. a3 Re8 27. Be3 d5
28. exd5 Bxd5 29. Nxd5 Nxd5 30. Bd2 Rc5 31. Qf5 Ne7 32. Qd3 Rd5 33. Qe2 Red8
34. Bc3 f6 35. Rd3 Rxd3 36. cxd3 Qb5 37. Qf2 Nc6 38. f4 gxf4 39. Qh4 Qxd3 40.
Qg4+ Qg6 41. Qe2 Qd3 0-1

[Event "Monarch Assurance Isle of Man 14th"]
[Site "Port Erin IOM"]
[Date "2005.09.24"]
[Round "1.27"]
[White "Adly, Ahmed"]
[Black "Lohou, Stephane"]
[Result "1/2-1/2"]
[WhiteElo "2503"]
[BlackElo "2144"]
[PlyCount "39"]
[EventDate "2005.09.24"]
[EventType "swiss"]
[EventRounds "9"]
[EventCountry "IOM"]

1. d4 Nf6 2. c4 g6 3. Nf3 Bg7 4. g3 d5 5. cxd5 Nxd5 6. Bg2 O-O 7. O-O Nc6 8. e3
Nb6 9. Nc3 Re8 10. Re1 e5 11. d5 Na5 12. e4 c6 13. b3 cxd5 14. exd5 e4 15. Nxe4
Nxd5 16. Bg5 f6 17. Ne5 fxg5 18. Nxg5 Rxe5 19. Rxe5 Bxe5 20. Bxd5+ 1/2-1/2